Quizzes
Events
Quiz Creation
Community
Videos
Private Events
Remove Ads
Sign In
Join for FREE
Feedback
Dark Mode
Quiz Categories
Sports
Geography
Music
Movies
Television
Just For Fun
Miscellaneous
History
Literature
Language
Science
Gaming
Entertainment
Religion
Holiday
For Kids
Quiz Lab
Recent
Popular Today
Quiz Kudos Today
Editor Picks
Curator Picks
Quizzes by...
Day
Popularity
Type
Ratings
Length
Year
Community
Subscriptions
Recent Discussions
Orange Saloon
Badges
Playlists
Quests
Create
Leaderboards
Showdown
Live 5
Trivia Bingo
Activity
Puzzle Library
Sporcle Events
Private Events
Virtual Trivia
Globe League
Become a Host
Pub Owners
SporcleCon
Opinionation
Our Games
Videos
Blog
Mobile Apps
Partnerships
Remove Ads and Go Orange
Feedback
Movies
Disney
Marvel Cinematic Universe
Movie Resume
Movie Titles
Oscar
Actor
Actress
Director
Pixar
Role
Movie Quotes
Movie Characters
Box Office
Nominee
Best Picture
Star Wars
James Bond
Horror Movies
Movies
Disney
Marvel Cinematic Universe
Movie Resume
Movie Titles
Oscar
Actor
Actress
Director
Pixar
Role
Movie Quotes
Movie Characters
Box Office
Nominee
Best Picture
Star Wars
James Bond
Horror Movies
Random Quiz
Search Sporcle
×
Quiz Lab
Quiz Lab
Movies
Worst
Type in answers that appear in a list
Type in answers that appear in a list
Classic
Best Score? Go Orange.
Worst Movies Ever by Plot Stats
Can you name the movies considered the worst ever made by their plots?
By
RioMadeira
6m
25 Questions
336 Plays
336 Plays
336 Plays
Comments
Comments
Give Quiz Kudos
Give Quiz Kudos
-
- Ratings
hide this ad
Forced Order
Answers have to be entered in order
Answers have to be entered in order
Random Order
Randomize order of answers
Randomize order of answers
Replay
Link that replays current quiz
Next Quiz
Link to next quiz in quiz playlist
You Got
0%
They Got
Avg Score
42%
Avg Friend Score
Upgrade to see
Score Distribution
Jump to the score distribution portion of the page
Score
0/25
Timer
06:00
0
Plays Today
Plot
Movie
% Correct
Joel Schumacher nearly ruins a comic book franchise for all eternity by making Arnold Schwarzenegger deliver the world's worst puns.
Batman & Robin
75.6%
An ad executive in L.A. has to deal with a holiday visit from his obnoxious twin sister.
Jack and Jill
69.3%
Tom Green acts like a complete jackass for 87 minutes.
Freddy Got Fingered
66.7%
Two teenagers discover the only person on the planet who can manipulate all four of the Earth's elements.
The Last Airbender
63.7%
In the year 3000, humans begin to rebel against their dimwitted, gold-
obsessed alien slave drivers.
Battlefield Earth
55.7%
Hijinks ensue as a musician forges a romance with intergalactic waterfowl.
Howard the Duck
54.8%
Christina Crawford rebels against her psycho actress mother.
Mommie Dearest
51.8%
Unnaturally intelligent infants must stop Jon Voight from forcing the world to watch TV all day.
Superbabies: Baby Genuises 2
50.3%
A runaway prostitute who once had a crippling caffeine pill addiction insists she's really a dancer.
Showgirls
49.1%
Horrific parodies of beloved children's dolls refuse to return to the trash receptacle from whence they came.
The Garbage Pail Kids Movie
48.8%
A young businessman, his model girlfriend and the entire town are terrorized by acid-
spewing birds.
Birdemic: Shock and Terror
47%
Fearing the creation of a doomsday weapon on Earth, a group of aliens executes a plan for a zombie apocalypse.
Plan 9 from Outer Space
43.8%
A banker in San Francisco is torn apart by his fiancee's affair with his best friend.
The Room
43.2%
Plot
Movie
% Correct
A stupid young man with a talent for impressions must finally learn his family's trade in order to save his parents from their flatulent captor.
The Master of Disguise
38.7%
Guys are so turned off at the sight of an unattractive brunette that they won't date her hot blond BFF.
The Hottie and the Nottie
38.4%
A talking bunny persuades a young boy that his home life sucks and he must find people across the country who will make up for it.
North
37.8%
On a trip to the Valley Lodge, a family happens upon a strange 'hotel' housing the world's most bizarrely dressed cult leader and his goat-
legged sidekick.
Manos: The Hands of Fate
37.2%
A race of completely obvious monsters poison unsuspecting humans in order to turn them into roughage.
Troll 2
31.3%
Two unrealistically attractive secret agents team up to fight a common enemy after initially working against each other.
Ballistic: Ecks vs. Sever
31%
A crime boss orders one of his underlings to take a backseat to a woman as they follow his orders to kidnap a guy.
Gigli
28.6%
While trying to regain custody of her daughter, a former FBI secretary becomes embroiled in a plan to end the career of a congressman. Also, boobs.
Striptease
25.9%
A cocktail waitress from Texas and a Pennsylvania party planner don't have sex during spring break in Miami.
From Justin to Kelly
23.8%
An evil moon robot is determined to kill the eight people left on Earth who have managed to evade him.
Robot Monster
19.6%
An astronaut turns into a monster, or is replaced by a monster, and then vanishes for no reason.
Monster a Go-Go!
15.8%
Small, furry rip-
offs make your wildest dreams come true and then kill you, and then everyone has sex.
Hobgoblins
15.2%
Quiz Playlist
Details
Report
Send in Message
Add To Playlist
Classic:
Type in answers that appear in a list
Forced Order:
Answers have to be entered in order
Random Order:
Randomize order of answers
Last Updated: Jun 22, 2017
Quiz Scoreboard
CHALLENGE
Sign Up to Join the Scoreboard
Show All
Scores
Hide
Comments
May contain spoilers
Recently Published
9x9 Crossword: Cartoon Network
by jackfrog10
Miscellaneous
3m
College Basketball Coaching Resumes
by pancakes188
Sports
9m
Billboard Blitz: Fleetwood Mac
by CooCooCachoo
Music
15s
More to Explore
Quiz From the Vault
Featured Blog Post
Where Did the Easter Bunny Come From?
hide this ad
You Might Also Like...
Tags
Worst
Today's Top Quizzes in Movies
Browse Movies
hide this ad
Today's Top Quizzes in Worst
Browse Worst
Top Contributed Quizzes in Movies
1
Pick 5 Posters: Directed by Spielberg
2
7-to-1: Pixar Characters
3
Pick 5 Posters: Lowest-Rated Spielberg
4
Sorting Actors
5
Sorting Actresses
6
Pick 5 Posters: Directed by Scorsese
7
Hidden Star Wars Character II
8
Pick 5 Posters: Star & Director
9
Hidden Star Wars Character III
10
12 Movies about Fictional 1960s Events
Explore More
Trending Topics
NBA
Harry Potter
Crossword
Anime
Kpop
Disney
Marvel
The Office
NFL
Pokémon
Country
WWE
Soccer
Song
Puzzle
hide this ad
More By:
RioMadeira
Quiz
Plays
Rating
Category
Featured
Created
Two-Word States and State Capitals
66,660
4.49
Geography
Jun 24, 2010
South Parkified Game of Thrones Characters
32,587
4.18
Television
Oct 13, 2014
Wardens of Westeros
21,522
4.16
Literature
Jan 13, 2014
ASOIAF: Birth Orders
10,807
4.21
Literature
May 29, 2016
Human Body Systems by Definition
9,174
4.36
Science
Sep 29, 2016
Go to Creator's Profile
Score Distribution
Quiz Creator Spotlight
RioMadeira
Follow
Send a Message
Quizzes Created
-
Created Quiz Play Count
-
More By This Creator
Popular Quizzes Today
1
Find the US States - No Outlines Minefield
2
Find the Countries of Europe - No Outlines Minefield
3
The Countries of the World
4
Find the US States
5
Risky Map Clicking: Biggest States A-Z
6
US States
7
Popular People in 1961
8
Movies - When Are They Set?
More Movies Quizzes
Real People Played by Tom Hanks
Quiz Lab
Trending Quizzes
Risky Map Clicking: Least Populous States A-Z
1-10 Letter G Words
Risky Map Clicking: Next State Alphabetically
Adjectives in 80s TV Shows
Risky Map Clicking: Biggest States A-Z
Recently Updated
Leaping Animals
pecheneg
Reality TV Shows (A-Z)
bhenderson79
Rickey Henderson's Hall of Fame Teammates
pecheneg
Champions League XIs: Arsenal
pecheneg
Quick Pick: Celebrities in WWE's Hall of Fame
aduchscher
A-Z Keypad Blitz II
pecheneg
Multiple Oscar Actors
pecheneg
Mystery Phrase Blitz: Oscar 'Best Actors'
pecheneg
F. Scott Fitzgerald Novels
LTH
Pick 3 Villains
ddd62291
Trending Topics
Crossword
Anime
Marvel
Disney
Kpop
Harry Potter
NBA
Pokémon
WWE
Soccer
Song
Puzzle
Country
The Office
NFL
Your Account Isn't Verified!
In order to create a playlist on Sporcle, you need to verify the email address you used during registration. Go to your
Sporcle Settings
to finish the process.
Report this User
Report this user for behavior that violates our
Community Guidelines
.
Details:
Send Report
Go to the Sporcle.com Mobile Site →
Comments